<?xml version="1.0" encoding="UTF-8"?>
<record
    xmlns:xsi="http://www.w3.org/2001/XMLSchema-instance"
    xsi:schemaLocation="http://www.loc.gov/MARC21/slim http://www.loc.gov/standards/marcxml/schema/MARC21slim.xsd"
    xmlns="http://www.loc.gov/MARC21/slim">

  <leader>00504nam a22001457a 4500</leader>
  <controlfield tag="005">20251125160602.0</controlfield>
  <controlfield tag="008">251125b        |||||||| |||| 00| 0 eng d</controlfield>
  <datafield tag="020" ind1=" " ind2=" ">
    <subfield code="a">978-1-4057-8935-6</subfield>
  </datafield>
  <datafield tag="100" ind1=" " ind2=" ">
    <subfield code="a">READ, JAMES S.</subfield>
  </datafield>
  <datafield tag="245" ind1=" " ind2=" ">
    <subfield code="a">LAW REPORTS OF THE COMMONWEALTH 2014</subfield>
  </datafield>
  <datafield tag="260" ind1=" " ind2=" ">
    <subfield code="a">LONDON</subfield>
    <subfield code="b">LEXISNEXIS</subfield>
    <subfield code="c">2014</subfield>
  </datafield>
  <datafield tag="300" ind1=" " ind2=" ">
    <subfield code="a">XXXI, 771P.</subfield>
  </datafield>
  <datafield tag="650" ind1=" " ind2=" ">
    <subfield code="a">1. LAW REPORTS, DIGESTS, ETC- COMMONWEALTH COUNTRIESN 2. LAW, -COMMONWEALTH COUNTRIES -CASES 3. COMPARATIVE LAW - COMMONWEALTH COUNTRIES</subfield>
  </datafield>
  <datafield tag="942" ind1=" " ind2=" ">
    <subfield code="2">lcc</subfield>
    <subfield code="c">REF</subfield>
  </datafield>
  <datafield tag="999" ind1=" " ind2=" ">
    <subfield code="c">216283</subfield>
    <subfield code="d">216283</subfield>
  </datafield>
  <datafield tag="952" ind1=" " ind2=" ">
    <subfield code="0">0</subfield>
    <subfield code="1">0</subfield>
    <subfield code="2">lcc</subfield>
    <subfield code="4">0</subfield>
    <subfield code="6">KD0122 L39  02014 V.00002</subfield>
    <subfield code="7">0</subfield>
    <subfield code="8">LAW</subfield>
    <subfield code="9">373683</subfield>
    <subfield code="a">KSUL</subfield>
    <subfield code="b">KSUL</subfield>
    <subfield code="c">DISPLAY</subfield>
    <subfield code="d">2025-11-25</subfield>
    <subfield code="i">110086</subfield>
    <subfield code="l">0</subfield>
    <subfield code="o">KD 122 .L39 2014 V.2</subfield>
    <subfield code="p">000000002858</subfield>
    <subfield code="r">2025-11-25 16:08:11</subfield>
    <subfield code="t">C.1</subfield>
    <subfield code="w">2025-11-25</subfield>
    <subfield code="y">REF</subfield>
  </datafield>
  <datafield tag="952" ind1=" " ind2=" ">
    <subfield code="0">0</subfield>
    <subfield code="1">0</subfield>
    <subfield code="2">lcc</subfield>
    <subfield code="4">0</subfield>
    <subfield code="6">KD0122 L39  02014 V.00002</subfield>
    <subfield code="7">0</subfield>
    <subfield code="8">LAW</subfield>
    <subfield code="9">373684</subfield>
    <subfield code="a">KSUL</subfield>
    <subfield code="b">KSUL</subfield>
    <subfield code="c">DISPLAY</subfield>
    <subfield code="d">2025-11-25</subfield>
    <subfield code="i">110087</subfield>
    <subfield code="l">0</subfield>
    <subfield code="o">KD 122 .L39 2014 V.2</subfield>
    <subfield code="p">000000002857</subfield>
    <subfield code="r">2025-11-25 16:08:00</subfield>
    <subfield code="t">C.2</subfield>
    <subfield code="w">2025-11-25</subfield>
    <subfield code="y">REF</subfield>
  </datafield>
  <datafield tag="952" ind1=" " ind2=" ">
    <subfield code="0">0</subfield>
    <subfield code="1">0</subfield>
    <subfield code="2">lcc</subfield>
    <subfield code="4">0</subfield>
    <subfield code="6">KD0122 L39  02014 V.00002</subfield>
    <subfield code="7">0</subfield>
    <subfield code="8">LAW</subfield>
    <subfield code="9">373685</subfield>
    <subfield code="a">KSUL</subfield>
    <subfield code="b">KSUL</subfield>
    <subfield code="c">DISPLAY</subfield>
    <subfield code="d">2025-11-25</subfield>
    <subfield code="i">110087</subfield>
    <subfield code="l">0</subfield>
    <subfield code="o">KD 122 .L39 2014 V.2</subfield>
    <subfield code="p">000000002856</subfield>
    <subfield code="r">2025-11-25 16:08:00</subfield>
    <subfield code="t">C.3</subfield>
    <subfield code="w">2025-11-25</subfield>
    <subfield code="y">REF</subfield>
  </datafield>
</record>
